Регионална библиотека "Любен Каравелов" - Русе

Пресътворяване на тялото, възкресяване на душата (Запис номер 88304)

MARC детайли
000 -Лидер
Контролно поле с фиксирана дължина 02462nam a2200469 c 4500
003 - Код на организацията, давaща контролен номер
Контролно поле BLK
005 - Дата и час на последна редакция
Контролно поле 20230527095145.0
008 - Елементи от данни с фиксирана дължина
fixed length control field 180408b bul|||||r ||||||| ||bul||
010 ## - Наследен системен номер
LC control number KNG00092966000
020 ## - Международен стандартен номер на книга ISBN
Международен стандартен номер на книга ISBN 978-954-655-069-9
-- издат.: Бард
040 ## - Източник на каталожния запис
Идентификатор на билиотеката - собственик на записа BLK
041 ## - Код за език
Код за езика на текст/звукозапис или на отделно заглавие Български
Код за езика КДБФ Български
072 #7 - Код за тематичната категория
Код организация bullib
Код за тематична категория Л03
Текст Себепознание. Мисловни техники. Психология. Парапсихология
080 ## - УДК
Текстов определител УДК Особености на духовния живот. Съзнание. Духовно развитие на човека. Диференциална психология. Генетична психология. Еволюционна психология
УДК код - определител по УДК 159.922
УДК определител (02.062)
УДК - код + определител 159.922(02.062)
080 ## - УДК
Текстов определител УДК Метафизика на духовния живот
УДК код - определител по УДК 130.3
УДК определител (02.062)
УДК - код + определител 130.3(02.062)
080 ## - УДК
Текстов определител УДК Психотехника. Приложна психология. Психотестове. Консултативна психология
УДК код - определител по УДК 159.98
УДК определител (02.062)
УДК - код + определител 159.98(02.062)
100 1# - Редна дума - Автор
Автор Чопра, Дийпак
Авторска отговорност първи автор
R(LIN) 371072
139 ## - Редно поле
Редна дума Чопра, Дийпак
Авторски знак Чом - Ч 91
245 10 - Сведения за заглавието
Заглавие Пресътворяване на тялото, възкресяване на душата
Подзаглавни данни Как да създадем един нов аз
Редно поле (дума) Дийпак Чопра; прев. Венцислав Божилов.
257 ## - Страна на издаване
Страна на създаване/издаване Съединени американски щати
260 ## - Област на издателските данни
-- София
Име на издателя, разпространителя и проч. Бард
Година на издаване 2009
300 ## - Физическа характеристика
Страници 336 с.
Размери/Мащаб 20 см
380 ## - Жанр
Жанр Философия
500 ## - Общи забележки
Забележка Ориг. загл. Reinventing the Body, Resurrecting the Soul / Deepak Chopra. - Офс. изд.
650 #4 - Допълнително описание по предмет – тема
Основно описание – тема или топоним Личност - духовно усъвършенстване
9 (RLIN) 256548
650 #4 - Допълнително описание по предмет – тема
Основно описание – тема или топоним Здравословен начин на живот
9 (RLIN) 268300
650 #4 - Допълнително описание по предмет – тема
Основно описание – тема или топоним Психотехника
9 (RLIN) 168425
650 #4 - Допълнително описание по предмет – тема
Основно описание – тема или топоним Терапия - нетрадиционни методи
9 (RLIN) 263384
653 ## - Ключова дума – ненормативна
Ключова дума духовно усъвършенстване
653 ## - Ключова дума – ненормативна
Ключова дума здравословен начин на живот
653 ## - Ключова дума – ненормативна
Ключова дума хигиена
653 ## - Ключова дума – ненормативна
Ключова дума нетрадиционни терапии
653 ## - Ключова дума – ненормативна
Ключова дума автотренинг
659 ## - Тематичен бюлетин
Тематичен бюлетин Л
700 1# - Други автори (авторска отговорност)
Лично име Божилов, Венцислав
Автороска отговорност (Описва отношението между автора и произведението) прев.
9 (RLIN) 366151
852 ## - Местоположение
Форматна сигнатура Цб 246211
856 4# - Електронен адрес и достъп
Електронен формат pdf - файл
Път до файла /url/
856 4# - Електронен адрес и достъп
Електронен формат pdf - файл
Път до файла /url/
942 ## - АРТИКУЛИ
Вид на библиотечния материал Книги
Скрит в OPAC Не
Koha issues (borrowed), all copies 18
944 ## - СЪЗДАВАНЕ И РЕДАКЦИЯ на ЗАПИСА
Създаване/Редакция Създаване
Дата на регистрацията/редакция 09.12.2009
Статус, дата на статуса ф /
Служител, извършил регистрацията/редакцията Геновева_Генчева
944 ## - СЪЗДАВАНЕ И РЕДАКЦИЯ на ЗАПИСА
Създаване/Редакция Редакция
Дата на регистрацията/редакция 01.10.2012
Статус, дата на статуса ф /
Служител, извършил регистрацията/редакцията
999 ## - СИСТЕМНИ КОНТРОЛНИ НОМЕРА
Koha biblionumber 88304
Koha biblioitemnumber 88304
Наличности
Код за отписване Код за изгубен артикул Източник на класификационната схема Код за повреда Коз за рестрикции Код за отдаване Артикулен № Име на библиотеката - собственик Име на библиотеката, в която се намира в момента Статус (Текущо местоположение) Дата на вписване в системата Местоположение - отдел Цена в лева Инвентарен номер Систематично азбучна сигнатура Баркод Номер на екземпляра Цена в евро Служебна бележка Служебен тип на артикула
Изтеглен Не е изгубен Universal Decimal Classification Не е повреден без рестрикции заемане за дома 143119 Регионална библиотека "Любен Каравелов" Русе Регионална библиотека "Любен Каравелов" Русе Заемна - подръчен фонд 2009-12-09 Заемна - подръчен фонд 11.99 120000740282 159.922/Ч 91 Д 120000740282 1 6.13 Дост: Pk Вид: Ф N: 61 Дата: 08.12.2009 Дата инв: 01.02.2018 Бележки инв: П2018 Книги
  Не е изгубен   Не е повреден без рестрикции ползва се в читалня 143120 Регионална библиотека "Любен Каравелов" Русе Регионална библиотека "Любен Каравелов" Русе Хранилище 2012-04-09 Хранилище 11.99 120000757015 Цб 246211 120000757015 2 6.13 Дост: Dp Вид: Д N: 18 Дата: 03.05.2011 Книги
Vip Innovations Ltd, Rousse, Bulgaria 2025